| 000 | 00860nam a2200205 a 4500 | ||
|---|---|---|---|
| 003 | 0 | ||
| 005 | 20250514090744.0 | ||
| 008 | 021107s19uu xx 00 eng d | ||
| 050 |
_aPGS TD 796.M5 _b.Ee26 2002 |
||
| 100 | _aEeles, Luke. | ||
| 245 |
_aWaste management practices of selected hotels in Metro Manila and its perceived benefits / _cLuke Eeles. |
||
| 260 |
_aLas PiƱas City, Philippines : _bSouthville International School and Colleges, _c2002. |
||
| 300 |
_a32 pages : _bcolored illustrations ; _c28 cm. |
||
| 504 | _aIncludes bibliographical references. | ||
| 650 |
_aRefuse and refuse disposal. _zPhilippines _zMetro Manila. |
||
| 650 |
_aHotels _vWaste disposal _zPhilippines _zMetro Manila. |
||
| 650 |
_aHotels _vEnvironmental aspects _zPhilippines _zMetro Manila. |
||
| 650 |
_aWaste minimization _zPhilippines _zMetro Manila. |
||
| 942 |
_2lcc _cPASS |
||
| 999 |
_c96580 _d96580 |
||